| 000 | 00848 a2200289 4500 | ||
|---|---|---|---|
| 001 | 109342 | ||
| 020 | _a0329088181 | ||
| 020 | _a0329611143 | ||
| 020 | _a0395919029 (RNF) | ||
| 020 | _a039591907X (pbk.) | ||
| 020 | _a0395923360 (hc) | ||
| 041 | _apor | ||
| 090 | _aJK [E] | ||
| 092 | _a98014162 | ||
| 250 | _a. ed. | ||
| 300 | _a24 p. | ||
| 697 | _aMonkeys - Fiction. | ||
| 697 | _aCurious George (Fictional character) - Fiction. | ||
| 697 | _aWinter sports - Fiction. | ||
| 697 | _aCurious George (Fictitious character) | ||
| 856 | _u00000c/00000c58.jpg | ||
| 040 |
_aBR-BrIDEA _cBR-BrIDEA |
||
| 245 | 1 | 0 |
_aCurious George in the snow _cillustrated in the style of H.A. Rey by Vipah Interactive |
| 260 |
_a[S.l.] _bHoughton Mifflin _c1998 |
||
| 700 |
_athe style of H.A. Rey by Vipah Interactive _eIllustrated |
||
| 942 | _cBK | ||
| 999 |
_c109342 _d109342 |
||